00795nam a2200229Ia 4500003000900000008004100009040001600050080002000066245011600086260003700202300001000239650001800249650004900267650002200316650002200338700002900360700002900389700002900418942000700447999001500454952009600469IN-BaIIA211028s9999 xx 000 0 eng d cIIA Library a047.1:52bARA-2 0aAnnual reviews of astronomy and astrophysicsbvol. 2cedited by Leo Goldberg, Armin J. Deutsch and David Layzer aCaliforniabAnnual Reviewsc1963 a418p. aAstronomy980 aAstronomy and Astrophysics Thesaurus 91143 aAstrophysics9794 aPeriodicals98947 aDeustsch, Armin J.98948 aGoldberg, Leo, ed.94090 aLayzer, David, ed.94091 cBK c5033d5033 00104070aBANbKAVcGENd1976-09-16l0o047.1:52/ ARA-2p5623r2021-11-05w1976-09-16yBK